000 00558nam a2200205 i 4500
001 C2-0271606
003 PPAK
005 20180728001529.0
008 060809s2005 xx a|||| ||||| | may d
040 _aPPAK
_beng
_cPPAK
_erda
082 0 4 _a101
_223
090 0 0 _a101
_bRUK
_dKK
245 0 0 _aRukun Negara
_bSiri Pengetahuan Am
264 1 _bJabatan Penerangan Malaysia ,
_c2005
300 _a27 pages :
_bcolour illustrations ;
_c14 cm
336 _2rdacontent
_atext
337 _2rdamedia
_aunmediated
338 _2rdacarrier
_avolume
942 _ddc
_cB
999 _c79838
_d79838